[Event "Titled Tue 1st Jul Late"]
[Site "chess.com INT"]
[Date "2025.07.01"]
[Round "1"]
[White "Gustafsson, Jan"]
[Black "Akhayan, Ruben"]
[Result "1-0"]
[WhiteTitle "GM"]
[BlackTitle "FM"]
[WhiteElo "2591"]
[BlackElo "2265"]
[WhiteFideId "4625498"]
[BlackFideId "204439"]
[EventDate "2025.07.01"]

1. Nf3 Nf6 2. c4 e6 3. b3 d5 4. Bb2 Be7 5. e3 O-O 6. Nc3 c5 7. cxd5 exd5 8. d4
Nc6 9. Be2 Bg4 10. dxc5 Bxc5 11. O-O Re8 12. Rc1 Bb6 13. h3 Bxf3 14. Bxf3 d4 15.
exd4 Bxd4 16. Bxc6 bxc6 17. Qf3 c5 18. Rfd1 Qa5 19. Rc2 Rad8 20. Rdc1 h6 21. g3
Qa6 22. Kg2 Qe6 23. Na4 Bxb2 24. Rxb2 Ne4 25. Rbc2 Ng5 26. Qg4 Qd5+ 27. f3 Re3
28. Rf2 Ne6 29. Qc4 Qd6 30. Nxc5 Nxc5 31. Qxc5 Qd7 32. Qc7 Re7 33. Qxd7 Rexd7
34. Rc6 g6 35. g4 Kg7 36. Ra6 Re7 37. Kg3 Rdd7 38. h4 Rc7 39. Rd2 Rcd7 40. Rxd7
Rxd7 41. Kf4 Rc7 42. a4 Rb7 43. Ke4 Rb4+ 44. Ke5 Rxb3 45. f4 Rb7 46. g5 hxg5 47.
hxg5 Rc7 48. a5 Rb7 49. Kd6 Rb4 50. Ke5 Rb7 51. Rd6 Rb5+ 52. Rd5 Rb7 53. f5 gxf5
54. Kxf5 Rc7 55. Ke5 Rb7 56. Kd6 Kg6 57. Kc6 Re7 58. a6 Re6+ 59. Kb7 Re7+ 60.
Kb8 Kg7 61. Rb5 Kg6 62. Rb7 Re8+ 63. Kxa7 Rf8 64. Rb5 Re8 65. Kb7 Re7+ 66. Kb6
Re6+ 67. Ka5 Re7 68. Rc5 Rd7 69. Kb6 Re7 70. a7 1-0

[Event "Titled Tue 1st Jul Late"]
[Site "chess.com INT"]
[Date "2025.07.01"]
[Round "1"]
[White "Mahdavi, Reza"]
[Black "Manukyan, Artyom"]
[Result "0-1"]
[WhiteTitle "IM"]
[BlackTitle "CM"]
[WhiteElo "2454"]
[BlackElo "2121"]
[WhiteFideId "12595926"]
[BlackFideId "13305786"]
[EventDate "2025.07.01"]

1. e4 e5 2. Nf3 Nc6 3. Bb5 a6 4. Ba4 d6 5. c3 f5 6. exf5 Bxf5 7. d4 e4 8. Nfd2
d5 9. O-O Nf6 10. f3 exf3 11. Nxf3 Be7 12. Ne5 Bd7 13. Nxd7 Qxd7 14. Nd2 O-O 15.
Nf3 b5 16. Bc2 Bd6 17. Ng5 Rae8 18. Bf5 Qe7 19. Qd3 g6 20. Be6+ Kg7 21. Bh3 Nd8
22. Bd2 Qe2 23. Qxe2 Rxe2 24. Rad1 h6 25. Nf3 Ne4 26. Bc1 g5 27. Rde1 Rxe1 28.
Rxe1 Bf4 29. Bc8 Bxc1 30. Rxc1 a5 31. Bd7 c6 32. Rc2 Rf7 33. Ne5 Re7 34. Rc1 Nf6
35. Bxc6 Nxc6 36. Nxc6 Re2 37. Rb1 a4 38. Kf1 Rc2 39. Nb4 Rd2 40. Re1 Rxb2 41.
Re2 Rb1+ 42. Re1 Rb2 43. h3 Kf7 44. Re3 a3 45. Rf3 Ke6 46. Re3+ Kd6 47. Re2 Ne4
48. Re3 h5 49. Kg1 h4 50. Rf3 Rb1+ 51. Kh2 Ng3 52. Rxg3 hxg3+ 53. Kxg3 Rc1 54.
Kg4 Rxc3 55. Kxg5 Rc4 56. Nd3 Rxd4 57. Nf4 Rd2 58. h4 Rxa2 59. h5 Rxg2+ 60. Nxg2
a2 61. Ne3 a1=Q 62. Nf5+ Ke5 63. h6 Qg1+ 0-1

[Event "Titled Tue 1st Jul Late"]
[Site "chess.com INT"]
[Date "2025.07.01"]
[Round "1"]
[White "Amdouni, Zoubaier"]
[Black "Smieszek, Wojciech"]
[Result "0-1"]
[WhiteTitle "FM"]
[BlackTitle "CM"]
[WhiteElo "2186"]
[BlackElo "2141"]
[WhiteFideId "5500419"]
[BlackFideId "1156047"]
[EventDate "2025.07.01"]

1. d4 Nf6 2. Bg5 c5 3. d5 e6 4. c4 exd5 5. cxd5 d6 6. Nc3 g6 7. e4 Bg7 8. Nf3
O-O 9. Bd3 a6 10. a4 Re8 11. O-O Bg4 12. h3 Bxf3 13. Qxf3 Nbd7 14. Rab1 Rb8 15.
b4 Ne5 16. Qe2 Nxd3 17. Qxd3 cxb4 18. Rxb4 Qa5 19. Rfb1 Nd7 20. f3 Nc5 21. Qc2
Rbc8 22. Bd2 Qd8 23. Ne2 Qh4 24. Qd1 f5 25. Be1 Qf6 26. Bc3 Qf7 27. Bxg7 Kxg7
28. Qd4+ Kg8 29. Nc3 Qg7 30. Qd2 Re7 31. Re1 Rce8 32. Kh1 Qe5 33. Qd4 Qxd4 34.
Rxd4 fxe4 35. fxe4 Kg7 36. Kg1 Rf8 37. Rf1 Rxf1+ 38. Kxf1 Kf6 39. Ke2 Ke5 40.
Ke3 Rc7 41. Rd1 Nb3 42. Ne2 Rc4 43. Ng3 Rxa4 44. Rf1 Nc5 45. Rf7 Ra3+ 46. Kf2
Nxe4+ 47. Nxe4 Kxe4 48. Rxb7 Ra2+ 49. Kg3 Kxd5 50. Rxh7 a5 51. Rg7 a4 52. Rxg6
a3 53. Rg5+ Kc4 54. Ra5 Kb4 55. Ra8 Ra1 56. h4 d5 57. h5 d4 58. h6 Rh1 59. Ra6
Kb3 60. Rb6+ Kc3 61. Rc6+ Kd2 62. Ra6 d3 63. Rxa3 Rxh6 64. Kf2 Rf6+ 65. Kg1 Ke2
66. Ra2+ d2 0-1

[Event "Titled Tue 1st Jul Late"]
[Site "chess.com INT"]
[Date "2025.07.01"]
[Round "1"]
[White "Miserendino, Alfredo"]
[Black "Labussiere, Victor"]
[Result "0-1"]
[BlackTitle "FM"]
[WhiteElo "2032"]
[BlackElo "2312"]
[WhiteFideId "101800"]
[BlackFideId "2183129"]
[EventDate "2025.07.01"]

1. e4 c5 2. Nf3 d6 3. Bb5+ Nd7 4. d4 cxd4 5. Qxd4 a6 6. Bxd7+ Qxd7 7. c4 e5 8.
Qd3 f5 9. Nc3 Nf6 10. Bg5 fxe4 11. Nxe4 Nxe4 12. Qxe4 Qc6 13. Qxc6+ bxc6 14.
O-O-O Bg4 15. Rhe1 h6 16. Bd2 O-O-O 17. Ba5 Rd7 18. Re3 Be7 19. Kb1 Rf8 20. c5
Bg5 21. Ra3 e4 22. h3 Bxf3 23. gxf3 Rxf3 24. Rxf3 exf3 25. cxd6 Rf7 26. Rd3 Kd7
27. Bc7 Bh4 28. Rd2 g5 29. b3 h5 30. Kc2 g4 31. hxg4 hxg4 32. Kd1 g3 33. fxg3 f2
34. Rxf2 Rxf2 35. gxh4 Rh2 36. a4 c5 37. Kc1 Kc6 38. Kb1 Rd2 39. h5 Rh2 40. h6
Kd7 41. h7 Kc6 42. Kc1 Rxh7 43. Kc2 Rh3 44. Kb2 Kd7 45. Kc2 Ke6 46. Kb2 Rd3 47.
Kc2 Rf3 48. Kb2 Rf7 49. Kc3 Kd5 50. Kd3 Rf3+ 51. Kc2 Rf7 52. Kb2 Kd4 53. Kc2 Rh7
54. Kd2 Rh2+ 55. Kc1 Kc3 56. Kd1 Rd2+ 57. Ke1 Rd5 58. Ke2 Kxb3 59. Ke3 c4 60.
Ke4 Rd1 61. Ke5 c3 62. Ke6 c2 63. d7 Rxd7 64. Bf4 Rd1 65. Ke5 c1=Q 66. Ke4 Qc2+ 0-1

[Event "Titled Tue 1st Jul Late"]
[Site "chess.com INT"]
[Date "2025.07.01"]
[Round "1"]
[White "Pereyra, Horacio"]
[Black "Shukhman, Anna"]
[Result "0-1"]
[BlackTitle "WGM"]
[WhiteElo "2133"]
[BlackElo "2413"]
[WhiteFideId "113700"]
[BlackFideId "54180058"]
[EventDate "2025.07.01"]

1. d4 d5 2. Nc3 Nf6 3. Bg5 e6 4. e4 dxe4 5. Nxe4 Be7 6. Bxf6 Bxf6 7. Nf3 b6 8.
c3 Bb7 9. Bd3 Nd7 10. Qe2 c5 11. dxc5 Nxc5 12. Bb5+ Kf8 13. Rd1 Qe7 14. Nxf6
Qxf6 15. O-O Bxf3 16. gxf3 a6 17. b4 axb5 18. bxc5 Qg5+ 19. Kh1 Qxc5 20. Rd7 g6
21. Re1 Qf5 22. Qe3 Kg7 23. Qxe6 Qxe6 24. Rxe6 Rxa2 25. Kg2 Rd8 26. Rxd8 fxe6
27. Rd6 Ra3 28. Rxb6 Rb3 29. Kg3 Kf6 30. Kf4 g5+ 31. Ke4 Rxc3 32. Rxb5 Rc1 33.
f4 Rc4+ 34. Kf3 Rxf4+ 35. Kg3 h5 36. Rb8 Ra4 37. f3 Ra3 38. Rf8+ Kg6 39. Rg8+
Kf6 40. Rf8+ Kg7 41. Re8 Kf7 42. Rh8 Kg6 43. Rg8+ Kf6 44. Rh8 h4+ 45. Kg4 Ra4+
46. Kh3 Rf4 47. Kg2 Ke5 48. Rg8 Rf5 49. Rg7 Kf4 50. Re7 e5 51. Ra7 Rf8 52. Ra4+
Kf5 53. Rg4 Rb8 54. Ra4 Rb2+ 55. Kh3 Rb3 56. Kg2 Rd3 57. Rb4 Rd4 58. Ra4 Rxa4 0-1

[Event "Titled Tue 1st Jul Late"]
[Site "chess.com INT"]
[Date "2025.07.01"]
[Round "1"]
[White "Bagheri, Maziar"]
[Black "Manvelyan, Mikayel"]
[Result "0-1"]
[WhiteTitle "FM"]
[BlackTitle "FM"]
[WhiteElo "2287"]
[BlackElo "2362"]
[WhiteFideId "12530913"]
[BlackFideId "13310143"]
[EventDate "2025.07.01"]

1. e4 c5 2. Nf3 Nc6 3. Bb5 Nf6 4. e5 Nd5 5. O-O Nc7 6. Bxc6 dxc6 7. Nc3 Bf5 8.
Re1 e6 9. d3 Be7 10. b3 O-O 11. Ne4 h6 12. Ba3 b6 13. Qd2 Nb5 14. Bb2 Nd4 15.
Bxd4 cxd4 16. Qf4 c5 17. a3 Qd5 18. Rab1 Rac8 19. Re2 b5 20. g4 Bg6 21. h4 c4
22. bxc4 bxc4 23. h5 Bxe4 24. Rxe4 cxd3 25. cxd3 Qa2 26. Rbe1 Rc2 27. Nxd4 Rb2
28. R4e2 Qxa3 29. Qe4 Rb4 30. Qe3 Bc5 31. Nc2 Rxg4+ 32. Kf1 Qc3 33. d4 Bxd4 34.
Qxc3 Bxc3 35. Rb1 Rg5 36. Rb5 Rc8 37. Ne3 Rxe5 38. Rxe5 Bxe5 39. Kg2 Bd6 40. Kf3
a5 41. Kg4 a4 42. Ra2 a3 43. Nc2 Rc3 44. f3 Rb3 45. Nd4 Rb2 46. Ra1 a2 47. Nc6
Kf8 48. f4 Be7 49. f5 Bf6 50. fxe6 Rg2+ 51. Kf3 Bxa1 52. e7+ Ke8 53. Kxg2 Bf6
54. Nb4 a1=Q 55. Nd3 Qa2+ 56. Kf3 Qd5+ 57. Ke2 Kxe7 58. Nf4 Qe4+ 59. Kf2 Qxf4+
60. Kg2 Qg4+ 61. Kh2 Qxh5+ 62. Kg2 Qf5 63. Kh1 Be5 64. Kg2 Qe4+ 65. Kh3 Qf3+ 66.
Kh4 g5# 0-1

[Event "Titled Tue 1st Jul Late"]
[Site "chess.com INT"]
[Date "2025.07.01"]
[Round "1"]
[White "Ozen, Batuhan"]
[Black "Rogov, Matfey"]
[Result "1-0"]
[WhiteTitle "CM"]
[BlackTitle "FM"]
[WhiteElo "2128"]
[BlackElo "2348"]
[WhiteFideId "6345123"]
[BlackFideId "44191308"]
[EventDate "2025.07.01"]

1. c4 e5 2. Nc3 Nf6 3. g3 c6 4. Bg2 d5 5. cxd5 cxd5 6. Nf3 d4 7. Nb5 Nc6 8. O-O
a6 9. Na3 Bxa3 10. bxa3 O-O 11. d3 Nd5 12. Bd2 Be6 13. Ng5 Rc8 14. Nxe6 fxe6 15.
Qb3 b5 16. Rac1 Qd6 17. a4 b4 18. Qc4 a5 19. Qc5 Qd7 20. Qb5 Nc3 21. Bxc3 bxc3
22. Bxc6 Qxc6 23. Qxe5 Qxa4 24. Qxe6+ Kh8 25. e3 Rce8 26. Qc4 Qxc4 27. dxc4 Rc8
28. exd4 Rxc4 29. Rfd1 Rd8 30. Rd3 c2 31. Rd2 Kg8 32. Rcxc2 Rxc2 33. Rxc2 Rxd4
34. h4 Kf7 35. Rc3 Ra4 36. a3 Rd4 37. Kg2 Kf6 38. Rc5 Ra4 39. Rc3 Rd4 40. Kf3 h5
41. Ke3 Ra4 42. f3 g6 43. Kd3 Ke5 44. Kc2 Kd5 45. Rd3+ Kc5 46. Kb3 Rc4 47. Rc3
a4+ 48. Kc2 Kd4 49. Rxc4+ Kxc4 50. g4 Kd4 51. gxh5 gxh5 52. Kd2 Kc4 53. Ke3 Kb3
54. f4 Kxa3 55. f5 Kb2 56. f6 a3 57. f7 a2 58. f8=Q a1=Q 59. Qf6+ Kb1 60. Qxa1+
Kxa1 61. Kf4 Kb2 62. Kg5 Kc3 63. Kxh5 Kd4 64. Kg6 Ke5 65. h5 1-0

[Event "Titled Tue 1st Jul Late"]
[Site "chess.com INT"]
[Date "2025.07.01"]
[Round "1"]
[White "Dilmukhametov, Artur"]
[Black "Sherman, Raem"]
[Result "0-1"]
[WhiteTitle "FM"]
[BlackTitle "FM"]
[WhiteElo "2276"]
[BlackElo "2366"]
[WhiteFideId "24179922"]
[BlackFideId "2822288"]
[EventDate "2025.07.01"]

1. Nf3 d5 2. d4 Nf6 3. g3 e6 4. Bg2 Be7 5. Bf4 O-O 6. O-O c5 7. c4 dxc4 8. dxc5
Bxc5 9. Nc3 Nc6 10. Qxd8 Rxd8 11. Nd2 e5 12. Bg5 Be6 13. Nde4 Be7 14. Bxf6 gxf6
15. Rfd1 Rxd1+ 16. Rxd1 Rd8 17. Rxd8+ Nxd8 18. Nb5 a6 19. Nc7 Kg7 20. Nxe6+ Nxe6
21. Nd2 b5 22. Bb7 Nc5 23. Bc6 Kf8 24. Ne4 Na4 25. Bb7 f5 26. Nc3 Nxb2 27. Bxa6
b4 28. Nd5 c3 29. Ne3 f4 30. Nc2 fxg3 31. hxg3 Bc5 32. Bb7 Nd1 33. e3 h6 34. Bd5
f6 35. Kf1 Ke7 36. Ke2 Nb2 37. Bb3 e4 38. Bd5 f5 39. Bb3 Kd6 40. Ne1 Bb6 41. Nc2
Nd3 42. Bc4 Ne5 43. Bg8 Bc5 44. Bh7 Ke6 45. Bg8+ Kf6 46. Ne1 Kg5 47. Be6 h5 48.
Nc2 Ng6 49. Ne1 Ne7 50. Ng2 Nc6 51. Nh4 b3 52. Bxb3 Ba3 53. Ng2 Nb4 54. Kd1 Nd3
55. Ke2 Kg4 56. Nf4 Nxf4+ 57. exf4 Bc5 58. Bc2 h4 59. gxh4 Kxh4 60. f3 e3 61.
Bxf5 Kg3 62. Be4 Kxf4 63. a4 Bb4 64. Bc2 Ba5 65. Kd3 Kxf3 66. Bd1+ Kf2 67. Be2
c2 68. Kxc2 Kxe2 0-1

[Event "Titled Tue 1st Jul Late"]
[Site "chess.com INT"]
[Date "2025.07.01"]
[Round "1"]
[White "Kracht, Raphael"]
[Black "Sheremetev, Vladislav"]
[Result "0-1"]
[WhiteTitle "CM"]
[BlackTitle "CM"]
[WhiteElo "2195"]
[BlackElo "2133"]
[WhiteFideId "16214382"]
[BlackFideId "54188300"]
[EventDate "2025.07.01"]

1. e4 c5 2. c3 d5 3. exd5 Qxd5 4. Nf3 Nf6 5. Na3 e6 6. Bc4 Qd8 7. O-O Be7 8. Qe2
O-O 9. Rd1 a6 10. d4 b5 11. dxc5 Qc7 12. Bd3 Bxc5 13. b4 Be7 14. Bb2 Bb7 15.
Rac1 Nc6 16. Nc2 Rad8 17. a3 Nd5 18. Qe4 g6 19. Qg4 Ne5 20. Nxe5 Qxe5 21. Re1
Qf4 22. Qxf4 Nxf4 23. Bf1 Nd3 24. Bxd3 Rxd3 25. Ne3 Rfd8 26. Rcd1 Bf6 27. Rxd3
Rxd3 28. Rd1 Be4 29. Rxd3 Bxd3 30. f3 Kf8 31. Kf2 Ke7 32. g3 Kd6 33. Ke1 Bd8 34.
Kd2 Bc4 35. Nxc4+ bxc4 36. a4 Bb6 37. h3 Bf2 38. g4 Ke5 39. Ke2 Bg3 40. Ba3 Kd5
41. Ke3 Be5 42. Bb2 g5 43. Kd2 Bc7 44. Kc2 Ke5 45. Bc1 h6 46. Be3 f5 47. Kd2 Kd5
48. b5 axb5 49. axb5 f4 50. Ba7 Bd6 51. Kc2 Bc5 52. Bb8 Bb6 53. Kd2 e5 54. Ke2
e4 55. fxe4+ Kxe4 56. Kf1 f3 57. Bg3 Kd5 58. Bf2 Bc5 59. b6 Bd6 60. Bd4 Bg3 61.
Bf2 Be5 62. Ke1 Bxc3+ 63. Kd1 Be5 64. Kc2 Kc6 65. Kd2 c3+ 66. Kd3 Kb7 67. Kc2
Bf6 68. Kb3 Bd8 69. Kxc3 Bxb6 70. Bxb6 Kxb6 71. Kd3 Kc5 72. Ke3 Kc4 73. Kxf3 Kd3
74. Kf2 Ke4 75. Ke2 Kd4 76. Kf3 Kd3 77. Kf2 Kd2 78. Kf3 Ke1 79. Ke4 Kf2 80. Kf5
Kg3 81. h4 gxh4 82. g5 hxg5 0-1

[Event "Titled Tue 1st Jul Late"]
[Site "chess.com INT"]
[Date "2025.07.01"]
[Round "1"]
[White "Leinov, Roman"]
[Black "Rodgers, Jack"]
[Result "1-0"]
[WhiteTitle "CM"]
[BlackTitle "FM"]
[WhiteElo "2120"]
[BlackElo "2183"]
[WhiteFideId "13504649"]
[BlackFideId "3220885"]
[EventDate "2025.07.01"]

1. Nf3 c5 2. g3 g6 3. Bg2 Bg7 4. O-O Nf6 5. c3 O-O 6. d4 cxd4 7. cxd4 d5 8. Nc3
Nc6 9. Ne5 e6 10. Nxc6 bxc6 11. Bf4 Nd7 12. Na4 e5 13. dxe5 Nxe5 14. Rc1 Bd7 15.
Nc5 Re8 16. Re1 h5 17. Qa4 a5 18. Nxd7 Qxd7 19. Bxe5 Bxe5 20. Qxc6 Qxc6 21. Rxc6
Bxb2 22. Bxd5 Rac8 23. e4 Rxc6 24. Bxc6 Rc8 25. Ba4 Kg7 26. Rb1 Bd4 27. Rb7 h4
28. gxh4 Rf8 29. Kg2 Bf6 30. Ra7 Bc3 31. Bb3 Kf6 32. f4 Kg7 33. Kg3 Be1+ 34. Kg4
Bb4 35. h5 gxh5+ 36. Kxh5 Rh8+ 37. Kg4 Rf8 38. e5 Kg6 39. h4 Bc3 40. f5+ Kh6 41.
Kf4 Re8 42. Ra6+ Kg7 43. e6 f6 44. Ra7+ Kh6 45. Ba4 Rg8 46. e7 Be5+ 47. Ke4 Rg4+
48. Kd5 Rd4+ 49. Ke6 Bb8 50. Rd7 Rxa4 51. e8=Q Re4+ 52. Kf7 Rxe8 53. Kxe8 Kh5
54. Rd5 a4 55. Kf7 Be5 56. Ke6 Bb2 57. Rb5 a3 58. Rb4 Kh6 59. Rg4 Kh5 60. Rg6
Kxh4 61. Rxf6 Kg4 62. Rg6+ Kf4 63. Rg2 Ke4 64. f6 Kf3 65. Rc2 Ke3 66. f7 Kd3 67.
Rc8 Bg7 68. Ke7 Kd4 69. f8=Q Bxf8+ 70. Kxf8 Kd3 71. Ke7 Kd4 72. Kd6 Ke4 73. Ra8 1-0

[Event "Titled Tue 1st Jul Late"]
[Site "chess.com INT"]
[Date "2025.07.01"]
[Round "1"]
[White "Danzer, George"]
[Black "Gyurjinyan, Valter"]
[Result "1/2-1/2"]
[WhiteTitle "CM"]
[BlackTitle "CM"]
[WhiteElo "2172"]
[BlackElo "2208"]
[WhiteFideId "4659465"]
[BlackFideId "13318179"]
[EventDate "2025.07.01"]

1. e4 c6 2. d4 d5 3. e5 Bf5 4. h4 h5 5. Nf3 e6 6. c3 c5 7. Bd3 Bg4 8. a3 Nc6 9.
Be3 Nh6 10. Bxh6 Rxh6 11. Be2 Qb6 12. Nbd2 Qxb2 13. Rb1 Qxc3 14. Rxb7 cxd4 15.
Bb5 Rc8 16. O-O Be7 17. Qa4 a6 18. Qxa6 Kf8 19. Bxc6 g5 20. Qa7 Qxa3 21. Qxa3
Bxa3 22. Bd7 Rc2 23. hxg5 Rg6 24. Ra1 Rc1+ 25. Rxc1 Bxc1 26. Bb5 Bxd2 27. Nxd2
Rxg5 28. f4 Rf5 29. g3 h4 30. Kh2 Bd1 31. Kh3 hxg3 32. Kxg3 Rh5 33. Bd3 Rh1 34.
Bf1 Rh6 35. Bg2 d3 36. Rb1 Bc2 37. Rh1 Rg6+ 38. Kf3 Ke7 39. Rh3 Rg8 40. Rg3 Ra8
41. Ke3 Ra1 42. Bf3 Re1+ 43. Kd4 Ra1 44. Rg7 Ra4+ 45. Ke3 Kf8 46. Rg1 Rc4 47.
Rh1 Rb4 48. Ra1 Rb2 49. Ra8+ Kg7 50. Ra7 Rb4 51. Bh5 d4+ 52. Kf2 Rb2 53. Rxf7+
Kh6 54. Bf3 Ba4 55. Rf6+ Kg7 56. Ke1 Ra2 57. Rxe6 Ra1+ 58. Kf2 Ra2 59. Ke1 Ra1+
60. Kf2 Ra2 61. Kg3 Rxd2 62. f5 Bb3 63. f6+ Kg6 64. Re7 Rb2 65. Be4+ Kg5 66.
Bxd3 Rd2 67. Rg7+ Kh5 68. Be4 d3 69. Kf4 Rf2+ 70. Ke3 Rf1 71. Kxd3 Re1 72. Kd4
Ba2 73. Kc5 Kh6 74. Kd6 Rxe4 75. Rc7 Rd4+ 76. Ke7 Kg6 77. e6 Re4 78. Rc6 Rf4 79.
f7 Kg7 80. Rc1 Bxe6 81. Rg1+ Rg4 82. Rxg4+ Bxg4 83. f8=Q+ Kg6 84. Qf6+ Kh5 85.
Qd4 Kg5 86. Kd6 Bf5 87. Ke5 Bg4 88. Qe3+ Kh4 89. Qf4 Kh3 90. Qf2 Bd1 91. Qe3+
Bf3 92. Kf4 Kh4 93. Qxf3 1/2-1/2

[Event "Titled Tue 1st Jul Late"]
[Site "chess.com INT"]
[Date "2025.07.01"]
[Round "1"]
[White "Hamedi Nia, Vesal"]
[Black "Povshednyi, Ivan"]
[Result "1-0"]
[WhiteTitle "WIM"]
[BlackTitle "FM"]
[WhiteElo "2010"]
[BlackElo "2309"]
[WhiteFideId "12542253"]
[BlackFideId "14190907"]
[EventDate "2025.07.01"]

1. d4 d5 2. c4 e6 3. Nc3 a6 4. cxd5 exd5 5. Qc2 c5 6. e3 cxd4 7. exd4 Nc6 8. Nf3
Nf6 9. Be3 Bb4 10. Be2 O-O 11. O-O h6 12. h3 Re8 13. Rac1 Bd6 14. a3 Bc7 15.
Rfe1 Qd6 16. b4 Bxh3 17. gxh3 Rxe3 18. fxe3 Qg3+ 19. Kf1 Qxh3+ 20. Kg1 Qg3+ 21.
Kf1 Qh3+ 22. Kg1 Bg3 23. Bf1 Qh5 24. Qg2 Bxe1 25. Rxe1 Re8 26. Bd3 Ne4 27. Ne2
Kh8 28. Nf4 Qf5 29. Nh4 Qf6 30. Nf3 Qf5 31. Rf1 Re7 32. Nh2 Qg5 33. Qxg5 Nxg5
34. Nxd5 Rd7 35. Nf4 Nxd4 36. exd4 Rxd4 37. Kg2 g6 38. Bb1 Kg7 39. Rf2 Rd6 40.
Ng4 h5 41. Ne5 Rd1 42. Bc2 Ra1 43. Nh3 Nxh3 44. Kxh3 f5 45. Nd7 Rxa3+ 46. Kg2 a5
47. b5 Ra2 48. Nc5 Rb2 49. Nxb7 Rxb5 50. Nd6 Rd5 51. Nc4 Rc5 52. Ne3 Rc3 53. Nd5
Rc5 54. Nf4 Kh6 55. Re2 Rc4 56. Ne6 Rc8 57. Nd4 Rc4 58. Nf3 Rb4 59. Bd3 Rb6 60.
Re8 Kg7 61. Re7+ Kf6 62. Rc7 Rd6 63. Bc4 g5 64. Rf7+ Kg6 65. Ne5+ Kh6 66. Rxf5
Rb6 67. Nf7+ Kg6 68. Rf2 g4 69. Ne5+ Kg5 70. Nf7+ Kg6 71. Bd3+ Kg7 72. Ne5 Rf6
73. Rc2 Re6 74. Rc7+ Kh6 75. Nf7+ Kg7 76. Ng5+ Kf6 77. Nxe6 Kxe6 78. Rc5 h4 79.
Rxa5 h3+ 80. Kg3 Kf6 81. Bf5 h2 82. Kxh2 Kg5 83. Kg3 Kh5 84. Bxg4+ Kg6 85. Kf4
Kf6 86. Ra6+ Ke7 87. Ke5 Kf7 88. Bf5 Kg7 89. Kf4 Kf7 90. Kg5 Ke7 91. Rb6 Kf7 92.
Rb7+ Ke8 93. Kf6 Kd8 94. Be6 Ke8 95. Rb8# 1-0

[Event "Titled Tue 1st Jul Late"]
[Site "chess.com INT"]
[Date "2025.07.01"]
[Round "1"]
[White "Silvestre, Christian"]
[Black "Villa Tornero, Alex"]
[Result "1/2-1/2"]
[BlackTitle "FM"]
[WhiteElo "1992"]
[BlackElo "2211"]
[WhiteFideId "30956269"]
[BlackFideId "54501091"]
[EventDate "2025.07.01"]

1. e4 Nf6 2. Nc3 d5 3. e5 d4 4. exf6 dxc3 5. fxe7 cxd2+ 6. Qxd2 Qxd2+ 7. Bxd2
Bxe7 8. Bc3 O-O 9. O-O-O Nc6 10. Bb5 Bg4 11. f3 Be6 12. a3 Nd8 13. Bd7 Bg5+ 14.
Kb1 Bxd7 15. Rxd7 Ne6 16. Ne2 Rfd8 17. Rhd1 Kf8 18. Rxd8+ Bxd8 19. Nd4 Nxd4 20.
Rxd4 Bf6 21. Bb4+ Ke8 22. Re4+ Kd7 23. Kc1 Rd8 24. Kd1 Kc6+ 25. Kc1 b6 26. h4 h5
27. Bc3 Bxc3 28. Rc4+ Kb7 29. Rxc3 Rd4 30. g3 f6 31. Re3 Rd7 32. c4 Kc6 33. Kc2
a5 34. b3 Kc5 35. Kc3 Rd1 36. b4+ axb4+ 37. axb4+ Kc6 38. Re7 Rf1 39. b5+ Kd6
40. Rxg7 Rxf3+ 41. Kd4 Rf1 42. Rh7 Rf3 43. Rg7 Rf1 44. Rh7 Rg1 45. Rg7 Rg2 46.
Rg6 Ke6 47. Rg7 Rd2+ 48. Ke4 Kd6 49. Rf7 Rf2 50. Rh7 f5+ 51. Kd4 Rd2+ 52. Ke3
Rc2 53. Kd4 Rg2 54. Rh6+ Kd7 55. Rxh5 Rxg3 56. Rxf5 Rg4+ 57. Kd5 Rxh4 58. Rf7+
Kc8 59. Rf6 Kd7 60. Rf7+ Kd8 61. Rf5 Ke7 62. Rg5 Kd7 63. Rg7+ Kc8 64. Rg8+ Kb7
65. Rg5 Rf4 66. Rg7 Rf1 67. Kd4 Rd1+ 68. Kc3 Rd8 69. Kb4 Rh8 70. Rf7 Kc8 71. Re7
Kd8 72. Rg7 Rf8 73. Rh7 Rf1 74. Rh8+ Kd7 75. Rh7+ Kd6 76. Rh6+ Ke7 77. Rh7+ Kd8
78. Rh8+ Kd7 79. Rh7+ Kc8 80. Rh8+ Kb7 81. Rh7 Rb1+ 82. Kc3 Rc1+ 83. Kd4 Rc2 84.
Kd3 Rc1 85. Kd4 Re1 86. Kc3 Re8 87. Kb4 Kc8 88. Rg7 Rd8 89. Rf7 Rd7 90. Rf8+ Kb7
91. Rf5 c6 92. bxc6+ Kxc6 93. Rf6+ Kc7 94. Kb5 Rd1 95. Rc6+ Kd7 96. Rxb6 Rb1+
97. Kc5 Rh1 98. Rd6+ Kc7 99. Rd5 Rh2 100. Rg5 Rh7 101. Rd5 Rg7 102. Kd4 Rg4+
103. Kc5 Rg7 104. Kb4 Kc6 105. Rc5+ Kb6 106. Rb5+ Kc6 107. Ra5 Rg1 108. Ra6+ Kb7
109. Ra5 Kc6 110. Rc5+ Kb6 111. Rb5+ Kc6 112. Rh5 Rb1+ 113. Kc3 Rb8 114. Rh6+
Kc5 115. Rh5+ Kc6 116. Rd5 Rg8 117. Rd3 Rg5 118. Re3 Kc5 119. Rd3 Kc6 120. Kb4
Rg4 121. Rd5 Rh4 122. Rc5+ Kb6 123. Rg5 Rh6 124. Rg8 Re6 125. c5+ Kc6 126. Rc8+
Kb7 127. Rd8 Kc6 128. Rd6+ Rxd6 129. cxd6 Kxd6 1/2-1/2

[Event "Titled Tue 1st Jul Late"]
[Site "chess.com INT"]
[Date "2025.07.01"]
[Round "2"]
[White "Ryabukhin, Roman"]
[Black "Klimkowski, Jan"]
[Result "0-1"]
[WhiteTitle "CM"]
[BlackTitle "GM"]
[WhiteElo "2236"]
[BlackElo "2508"]
[WhiteFideId "24257893"]
[BlackFideId "21856222"]
[EventDate "2025.07.01"]

1. d4 Nf6 2. Nc3 d5 3. Bf4 e6 4. Nb5 Bb4+ 5. c3 Ba5 6. b4 Bb6 7. a4 a5 8. e3 O-O
9. Nf3 axb4 10. cxb4 Nc6 11. a5 Nxb4 12. Qb3 Rxa5 0-1

[Event "Titled Tue 1st Jul Late"]
[Site "chess.com INT"]
[Date "2025.07.01"]
[Round "2"]
[White "Veiga, Jose Francisco R P Neves"]
[Black "Aakash, G"]
[Result "0-1"]
[WhiteTitle "IM"]
[BlackTitle "FM"]
[WhiteElo "2390"]
[BlackElo "2123"]
[WhiteFideId "1930087"]
[BlackFideId "25644394"]
[EventDate "2025.07.01"]

1. e4 e6 2. d4 d5 3. Nc3 Nf6 4. e5 Nfd7 5. f4 c5 6. Nf3 Nc6 7. Be3 a6 8. Qd2 b5
9. dxc5 Bxc5 10. Qf2 Qb6 11. Bxc5 Nxc5 12. O-O-O Nb3+ 0-1

[Event "Titled Tue 1st Jul Late"]
[Site "chess.com INT"]
[Date "2025.07.01"]
[Round "2"]
[White "Ibrahimli, Murad"]
[Black "Ismagilov, Damir"]
[Result "1-0"]
[WhiteTitle "IM"]
[BlackTitle "CM"]
[WhiteElo "2448"]
[BlackElo "2173"]
[WhiteFideId "13410229"]
[BlackFideId "34199982"]
[EventDate "2025.07.01"]

1. Nf3 Nf6 2. d4 d5 3. Bf4 e6 4. e3 c5 5. Nbd2 Nc6 6. c3 cxd4 7. exd4 Nh5 8. Be3
Bd6 9. Ne5 Nf6 10. f4 Qb6 11. Qb3 Ng8 12. Qxb6 axb6 13. Bd3 Nge7 14. g3 f6 15.
Nef3 Nf5 16. Bf2 h5 17. O-O Bd7 18. a3 Kf7 19. c4 dxc4 20. Nxc4 Bc7 21. Bxf5 e5
22. Bxd7 1-0

[Event "Titled Tue 1st Jul Late"]
[Site "chess.com INT"]
[Date "2025.07.01"]
[Round "2"]
[White "Eswaran, Ashritha"]
[Black "Brozynski, Patryk"]
[Result "0-1"]
[WhiteTitle "FM"]
[BlackTitle "CM"]
[WhiteElo "2236"]
[BlackElo "2192"]
[WhiteFideId "2080788"]
[BlackFideId "2512700"]
[EventDate "2025.07.01"]

1. e4 e6 2. d4 d5 3. e5 Bd7 4. Nf3 a6 5. Bd3 Bb5 6. O-O Ne7 7. c3 Bxd3 8. Qxd3
Nf5 9. Bg5 Be7 10. Bf4 c5 11. a4 Nc6 12. dxc5 Bxc5 13. b4 Bb6 14. Na3 O-O 15.
Nc2 Rc8 16. g4 Nh4 17. Ng5 Ng6 18. Bg3 Qxg5 19. h3 Ncxe5 20. Qe2 Rxc3 21. Kh2
Nf3+ 22. Kg2 Nf4+ 23. Bxf4 Qxf4 24. Ne3 Nh4+ 25. Kh1 Bxe3 26. fxe3 Qe4+ 27. Kh2
Rc2 0-1

[Event "Titled Tue 1st Jul Late"]
[Site "chess.com INT"]
[Date "2025.07.01"]
[Round "2"]
[White "Vila Dupla, Aurelio"]
[Black "Karvatskyi, Oleksii"]
[Result "1-0"]
[WhiteTitle "FM"]
[BlackTitle "CM"]
[WhiteElo "2056"]
[BlackElo "2258"]
[WhiteFideId "2203383"]
[BlackFideId "14191059"]
[EventDate "2025.07.01"]

1. Nf3 c5 2. c4 Nf6 3. Nc3 g6 4. d4 cxd4 5. Nxd4 Bg7 6. e4 d6 7. Be2 O-O 8. Be3
Nc6 9. O-O Nxd4 10. Bxd4 Be6 11. f3 a6 12. Qd2 Rc8 13. b3 Nd7 14. Be3 Kh8 15.
Rfc1 Qa5 16. a3 b5 17. b4 Qc7 18. cxb5 Bxc3 19. Rxc3 Qxc3 20. Bd4+ Qxd4+ 21.
Qxd4+ Kg8 22. bxa6 1-0